| Tag |
First Indicator |
Second Indicator |
Subfields |
| LEADER |
00000cam a2200000 4500 |
| 001 |
in00000065141 |
| 005 |
20151008051225.0 |
| 008 |
760220s1954 enka b 001 0 eng |
| 010 |
|
|
|a 54002165
|
| 015 |
|
|
|a GB54-2689
|
| 019 |
|
|
|a 08706607
|a 17642554
|
| 035 |
|
|
|a (OCoLC)02004280
|
| 035 |
|
|
|9 AAG6560AM
|
| 040 |
|
|
|a DLC
|c PAU
|d SER
|d OCL
|d QMC
|d UKM
|d UtOrBLW
|
| 049 |
|
|
|a TXAM
|c [318501]
|
| 050 |
0 |
0 |
|a HM36.5
|b .A3 1954
|
| 082 |
0 |
|
|a 355.01
|
| 100 |
1 |
|
|a Andreski, Stanislav.
|
| 245 |
1 |
0 |
|a Military organization and society /
|c With a foreword by A.R. Radcliffe-Brown.
|
| 264 |
|
1 |
|a London :
|b Routledge & Kegan Paul,
|c [1954]
|
| 300 |
|
|
|a 195 pages :
|b illustrations ;
|c 23 cm.
|
| 336 |
|
|
|a text
|b txt
|2 rdacontent
|
| 337 |
|
|
|a unmediated
|b n
|2 rdamedia
|
| 338 |
|
|
|a volume
|b nc
|2 rdacarrier
|
| 490 |
1 |
|
|a International library of sociology and social reconstruction
|
| 504 |
|
|
|a Includes bibliographical references and index.
|
| 650 |
|
0 |
|a War and society.
|
| 830 |
|
0 |
|a International library of sociology and social reconstruction (Routledge & Kegan Paul)
|
| 999 |
|
|
|a MARS
|
| 999 |
f |
f |
|s 6645f3ca-a62b-3109-9cb5-5a8b62ff9e9a
|i 86cf95ac-8a09-39db-ba2a-07c2adb9e2e6
|t 0
|
| 952 |
f |
f |
|p normal
|a Texas A&M University
|b College Station
|c Sterling C. Evans Library
|d Evans: Library Stacks
|t 0
|e HM36.5 .A3 1954
|h Library of Congress classification
|i unmediated -- volume
|m A14823691974
|
| 998 |
f |
f |
|a HM36.5 .A3 1954
|t 0
|l Evans: Library Stacks
|